| 000 -LEADER |
| fixed length control field |
00774pab a2200169 454500 |
| 008 - FIXED-LENGTH DATA ELEMENTS--GENERAL INFORMATION |
| fixed length control field |
180718b1997 xxu||||| |||| 00| 0 eng d |
| 100 ## - MAIN ENTRY--PERSONAL NAME |
| Personal name |
Washington, Sally |
| 245 ## - TITLE STATEMENT |
| Title |
Managing government ethics |
| 260 ## - PUBLICATION, DISTRIBUTION, ETC. |
| Date of publication, distribution, etc. |
1997 |
| 300 ## - PHYSICAL DESCRIPTION |
| Extent |
p.15-17 |
| 362 ## - DATES OF PUBLICATION AND/OR SEQUENTIAL DESIGNATION |
| Dates of publication and/or sequential designation |
Feb-Mar |
| 520 ## - SUMMARY, ETC. |
| Summary, etc. |
Few, if any, OECD countries have escaped occasional headlines pointing to government scandals, exposing anything from inappropriate behaviour to full-scale corruption, on the part of both politicians and civil servants. Politicians can be dealt with at the polls, if not through the judicial system. But what can be done to ensure integrity in the machinery of government? - Reproduced |
| 650 ## - SUBJECT ADDED ENTRY--TOPICAL TERM |
| Topical term or geographic name entry element |
Civil service ethics |
| 650 ## - SUBJECT ADDED ENTRY--TOPICAL TERM |
| Topical term or geographic name entry element |
Civil service |
| 773 ## - HOST ITEM ENTRY |
| Main entry heading |
OECD Observer |
| 909 ## - |
| -- |
33774 |